000 00440nam a2200169Ia 4500
008 131103s9999 xx 000 0 und d
040 _aLoreto College
041 _aEnglish
082 _aMIS/ABA
_bLCBED/7304
100 _aAbata, Russell M.
245 _aLove how you recognise it
_cRussell M. Abata
260 _aAllahabad
_bBetter yourself
_c1971
300 _a92p.
_b 18cm.
650 _aMIS
850 _aLCBED/MIS/ABA
942 _cBK
999 _c34060
_d84539